000 01398nam a22002897a 4500
001 9607
003 FISKH
005 20260126095453.0
008 260126b cb ||||| |||| 00| 0 eng d
020 _a9780593121962
040 _aFISKH
_beng
_cFISKH
_dFISKH
050 _aPZ7 .B45
082 _a813.6
100 _aBell, Kristen
245 _aThe world needs more purple people /
_cKristen Bell & BenJamin Hart ; Illustrations by Daniel Wiseman
260 _aNew York :
_bRandom House,
_c2020.
300 _a36 unnumbered pages :
_bcolor illustrations ;
_c26 x 27 cm
505 _aL
520 _aWhat is a purple person? Great question. I mean, really great! Because purple people always ask really great questions. They bring their family, friends, and communities together, and they speak up for what's right. They are kind and hardworking, and they love to laugh (especially at Grandpa's funny noises)! A purple person is an everyday superhero! How do you become one? That's the fun part! Penny Purple will lead you through the steps. Get ready to be silly, exercise your curiosity, use your voice, and be inspired.
521 8 _a520
_bLexile
521 8 _aL
_bRaz-Plus
650 _aAcceptance
_vSocial Emotional
_xPicture Book
650 _aKindness
_vRealistic Fiction
_xDiversity
700 _aWiseman, Daniel
_eillustrator
942 _2ddc
_cBK
_n0
999 _c9607
_d9607